000 00439nam a22001697a 4500
005 20180727155825.0
008 160517b xxu||||| |||| 00| 0 eng d
020 _a81-203-1687-8
041 _aeng
082 _b2463
_a658.3
100 _aThomas J. Cartin
_9674
245 _aPrinciples Practices of Organizational Performance Excellence
260 _aNew Delhi
_bPHI,
_c2000
300 _a325p,
650 _aManagement
_9241
942 _cBK
999 _c891
_d891